000 01155cam a2200337Ii 4500
001 44434
005 20230404125743.0
008 801121s1974 mx b 000 0 spa d
035 _a(OCoLC)ocm06963790
040 _aIXA
_cIXA
_dIXA
_dRQE
_dCGP
_dEL$
019 _a944194
_a18623578
043 _anwht---
_anwdr---
_anwhi---
050 1 4 _a000 E 141
_bP191r 1974
100 1 _aPané, Ramón,
_dd. 1571.
245 1 1 _a"Relación acerca de las antiguedades de los indios" :
_bel primer tratado escrito en América /
_cRamón Pané ; nueva versión, con notas, mapa y apéndices por José Juan Arrom.
250 _a1. ed.
260 _aMéxico :
_bSiglo XXI Editores,
_c1974.
300 _a125 p. :
_bmap ;
_c18 cm.
490 1 _aHistoria
650 0 _aIndians of the West Indies
_zHaiti.
650 7 _aIndios de Haití.
_2bidex
650 7 _aIndios de Santo Domingo.
_2bidex
650 7 _aTaínos.
_2bidex
651 7 _aEspañola.
_2bidex/cpl
651 4 _aHispanoamérica
_xAntiguedades
700 1 2 _aArrom, José Juan,
_d1910-
_eeditor.
830 0 _aHistoria (Siglo Veintiuno Editores)
942 _2lcc
_cbk
994 _aC0
_bDRFGD
946 _aEdiaz
999 _c3990
_d3990